<?xml version='1.0' encoding='UTF-8'?><?xml-stylesheet href='static/style.xsl' type='text/xsl'?><OAI-PMH xmlns="http://www.openarchives.org/OAI/2.0/" xmlns:xsi="http://www.w3.org/2001/XMLSchema-instance" xsi:schemaLocation="http://www.openarchives.org/OAI/2.0/ http://www.openarchives.org/OAI/2.0/OAI-PMH.xsd"><responseDate>2026-04-30T18:55:03Z</responseDate><request verb="GetRecord" identifier="oai:ebiltegia.mondragon.edu:20.500.11984/5479" metadataPrefix="marc">https://ebiltegia.mondragon.edu/oai/request</request><GetRecord><record><header><identifier>oai:ebiltegia.mondragon.edu:20.500.11984/5479</identifier><datestamp>2024-02-29T14:47:17Z</datestamp><setSpec>com_20.500.11984_473</setSpec><setSpec>col_20.500.11984_478</setSpec></header><metadata><record xmlns="http://www.loc.gov/MARC21/slim" xmlns:dcterms="http://purl.org/dc/terms/" xmlns:xsi="http://www.w3.org/2001/XMLSchema-instance" xmlns:doc="http://www.lyncode.com/xoai" xsi:schemaLocation="http://www.loc.gov/MARC21/slim http://www.loc.gov/standards/marcxml/schema/MARC21slim.xsd">
   <leader>00925njm 22002777a 4500</leader>
   <datafield ind2=" " ind1=" " tag="042">
      <subfield code="a">dc</subfield>
   </datafield>
   <datafield ind2=" " ind1=" " tag="720">
      <subfield code="a">Ruiz Miguel, Carlos</subfield>
      <subfield code="e">author</subfield>
   </datafield>
   <datafield ind2=" " ind1=" " tag="720">
      <subfield code="a">Abad, Gonzalo</subfield>
      <subfield code="e">author</subfield>
   </datafield>
   <datafield ind2=" " ind1=" " tag="260">
      <subfield code="c">2021</subfield>
   </datafield>
   <datafield ind2=" " ind1=" " tag="520">
      <subfield code="a">The operation of offshore wind power plants with respect to power quality and grid code compliance must be verified for different conditions in the design phase using harmonic analysis methods. This paper addresses this verification by first considering a scenario in which wind turbines operate with a typically used modulation strategy, carrier-based pulse width modulation. The studies are performed at several operating points, not only at the rated condition, and at two points of the electrical infrastructure, at the point of connection of the wind turbine and at the point of common coupling of the offshore wind farm. For this type of modulation technique and according to the resonance conditions of the studied offshore system, the harmonic distortion of current signals is relatively high and the compliance of the German – grid code is not achieved. To tackle this, wind turbine manufacturer oriented solutions are proposed with the aim of improving the harmonic emission of the offshore wind farm. The implementation of a particular solution of selective harmonic elimination is presented together with complementary solutions to further improve the harmonic emission of the wind power facility. Furthermore, this paper discloses the modeling approach to account for an adequate harmonic assessment of the wind power plant under study.</subfield>
   </datafield>
   <datafield ind1="8" ind2=" " tag="024">
      <subfield code="a">2169-3536</subfield>
   </datafield>
   <datafield ind1="8" ind2=" " tag="024">
      <subfield code="a">https://katalogoa.mondragon.edu/janium-bin/janium_login_opac.pl?find&amp;ficha_no=166925</subfield>
   </datafield>
   <datafield ind1="8" ind2=" " tag="024">
      <subfield code="a">https://hdl.handle.net/20.500.11984/5479</subfield>
   </datafield>
   <datafield tag="653" ind2=" " ind1=" ">
      <subfield code="a">wind energy integration</subfield>
   </datafield>
   <datafield tag="653" ind2=" " ind1=" ">
      <subfield code="a">offshore wind power plants</subfield>
   </datafield>
   <datafield tag="653" ind2=" " ind1=" ">
      <subfield code="a">power system harmonics</subfield>
   </datafield>
   <datafield tag="653" ind2=" " ind1=" ">
      <subfield code="a">power harmonic filter</subfield>
   </datafield>
   <datafield tag="653" ind2=" " ind1=" ">
      <subfield code="a">grid code</subfield>
   </datafield>
   <datafield tag="653" ind2=" " ind1=" ">
      <subfield code="a">modulation strategies</subfield>
   </datafield>
   <datafield ind2="0" ind1="0" tag="245">
      <subfield code="a">Wind Turbine Oriented Solutions to Improve Power Quality and Harmonic Compliance of AC Offshore Wind Power Plants</subfield>
   </datafield>
</record></metadata></record></GetRecord></OAI-PMH>